[Event "Meltwater Tour Final 2021"]
[Site "chess24.com INT"]
[Date "2021.09.25"]
[Round "1.1"]
[White "So, Wesley"]
[Black "Mamedyarov, Shakhriyar"]
[Result "1/2-1/2"]
[WhiteTitle "GM"]
[BlackTitle "GM"]
[WhiteElo "2778"]
[BlackElo "2762"]
[WhiteFideId "5202213"]
[BlackFideId "13401319"]
[EventDate "2021.09.25"]

1. e4 c5 2. Nf3 e6 3. d4 cxd4 4. Nxd4 Nf6 5. Nc3 Nc6 6. Nxc6 bxc6 7. e5 Nd5 8.
Ne4 Qc7 9. f4 f5 10. exf6 gxf6 11. Bd3 Ba6 12. Bxa6 Qa5+ 13. Bd2 Qxa6 14. Qh5+
Kd8 15. f5 Qc4 16. Qe2 Qxe2+ 17. Kxe2 exf5 18. Ng3 f4 19. Nh5 Bd6 20. Kf3 Be5
21. Rab1 Rg8 22. Rhe1 Rb8 23. b3 Ne3 24. Bxe3 fxe3 25. g3 Rb5 26. Rbd1 Rg5 27.
Nf4 Bxf4 28. gxf4 Rh5 29. Kg3 Rh6 30. Rxe3 Rbh5 31. Red3 Rh3+ 32. Kg4 Rxd3 33.
Rxd3 Rxh2 34. Kf5 Ke7 35. c4 Rxa2 36. b4 Rh2 37. Re3+ Kf7 38. Rd3 d5 39. Ra3
Rh5+ 40. Kg4 Kg6 41. Rxa7 dxc4 42. Ra6 c5 43. b5 Rd5 44. b6 h5+ 45. Kh4 Rd3 46.
Ra4 Rb3 47. Rxc4 Rxb6 48. Rxc5 Rb4 49. Rxh5 Rxf4+ 50. Kg3 Kxh5 51. Kxf4 f5 52.
Kxf5 1/2-1/2

[Event "Meltwater Tour Final 2021"]
[Site "chess24.com INT"]
[Date "2021.09.25"]
[Round "1.1"]
[White "Aronian, Levon"]
[Black "Vachier-Lagrave, Maxime"]
[Result "1-0"]
[WhiteTitle "GM"]
[BlackTitle "GM"]
[WhiteElo "2782"]
[BlackElo "2763"]
[WhiteFideId "13300474"]
[BlackFideId "623539"]
[EventDate "2021.09.25"]

1. d4 Nf6 2. c4 g6 3. Nc3 d5 4. cxd5 Nxd5 5. e4 Nxc3 6. bxc3 Bg7 7. Qa4+ Nd7 8.
Nf3 O-O 9. Qa3 c5 10. Be2 cxd4 11. cxd4 Nf6 12. Qe3 b6 13. O-O Bb7 14. Bd3 Rc8
15. Bb2 Qd7 16. a4 Rfd8 17. a5 Ne8 18. Qe2 e6 19. h4 Qc7 20. Rfd1 bxa5 21. Ne5
Nf6 22. Rdc1 Qb6 23. Nc4 Rxc4 24. Rxc4 Nh5 25. Bc3 Nf4 26. Qd2 Nxd3 27. Bxa5 Qb2
28. Qxb2 Nxb2 29. Rb4 Rd7 30. Rxb2 Bxd4 31. Rd2 Bxa1 32. Rxd7 Bxe4 33. g4 h5 34.
g5 a6 35. Rd1 Bb2 36. Rd2 Ba1 37. Ra2 Bg7 38. Bd8 Bd3 39. Bf6 Bb5 40. Rc2 Bd3
41. Rc8+ Kh7 42. f4 Be4 43. Kf2 Bd5 44. Ke3 a5 45. Rc7 Kg8 46. Ra7 Bf8 47. Rxa5
Bd6 48. Ra6 Bc5+ 49. Bd4 Bb7 50. Ra5 Bd6 51. Be5 1-0

[Event "Meltwater Tour Final 2021"]
[Site "chess24.com INT"]
[Date "2021.09.25"]
[Round "1.1"]
[White "Radjabov, Teimour"]
[Black "Artemiev, Vladislav"]
[Result "1/2-1/2"]
[WhiteTitle "GM"]
[BlackTitle "GM"]
[WhiteElo "2763"]
[BlackElo "2699"]
[WhiteFideId "13400924"]
[BlackFideId "24101605"]
[EventDate "2021.09.25"]

1. Nf3 d5 2. d4 Nf6 3. c4 e6 4. Nc3 Nbd7 5. cxd5 exd5 6. Bf4 c6 7. e3 Nh5 8. Bg5
Be7 9. Bxe7 Qxe7 10. Be2 g6 11. a3 a5 12. O-O O-O 13. Rb1 Nb6 14. Ne5 Bf5 15. e4
Bxe4 16. Nxe4 dxe4 17. Bxh5 gxh5 18. Qxh5 Nd5 19. Rbe1 f5 20. f3 Qg7 21. Qh4 e3
22. f4 Rf6 23. Rf3 Rh6 24. Qg5 Qxg5 25. fxg5 Rh4 26. Rd1 Rf8 27. g6 Re4 28.
gxh7+ Kxh7 29. Rh3+ Kg7 30. Rg3+ Kh7 31. Rh3+ Kg7 32. Rg3+ Kh7 33. Rh3+ 1/2-1/2

[Event "Meltwater Tour Final 2021"]
[Site "chess24.com INT"]
[Date "2021.09.25"]
[Round "1.2"]
[White "Artemiev, Vladislav"]
[Black "Radjabov, Teimour"]
[Result "1/2-1/2"]
[WhiteTitle "GM"]
[BlackTitle "GM"]
[WhiteElo "2699"]
[BlackElo "2763"]
[WhiteFideId "24101605"]
[BlackFideId "13400924"]
[EventDate "2021.09.25"]

1. Nf3 Nf6 2. g3 g6 3. Bg2 Bg7 4. d4 d5 5. O-O O-O 6. c4 c6 7. Ne5 Ng4 8. cxd5
cxd5 9. Bf4 Nc6 10. Nxc6 bxc6 11. h3 e5 12. Bc1 Nf6 13. dxe5 Ne4 14. Nd2 Nxd2
15. Bxd2 Bxe5 16. Rc1 Qb6 17. Qa4 Qxb2 18. Bb4 Rd8 19. Rc2 Qd4 20. Qa5 Qb6 21.
Rxc6 Qxa5 22. Bxa5 Bb7 23. Rcc1 Rd7 24. Rfd1 d4 25. Bxb7 Rxb7 26. Rc5 Bf6 27.
Kf1 Re8 28. Rd2 Kg7 29. Kg2 Re5 30. Rxe5 Bxe5 31. Rc2 Bf6 32. Kf3 Rb5 33. Be1
Re5 34. Bd2 Rf5+ 35. Kg2 Rd5 36. Rc7 Rb5 37. Bc1 Re5 38. Kf1 Rb5 39. Rc4 h5 40.
Kg2 Re5 41. Kf1 Rb5 42. g4 Rd5 43. Kg2 d3 44. exd3 Rxd3 45. Ra4 hxg4 46. hxg4
Rd4 47. Rxd4 Bxd4 48. f3 Kf6 49. Kf1 Ke5 50. Ke2 Kd5 51. Kd3 a6 52. Bd2 f5 53.
gxf5 gxf5 54. Be1 Bf6 1/2-1/2

[Event "Meltwater Tour Final 2021"]
[Site "chess24.com INT"]
[Date "2021.09.25"]
[Round "1.2"]
[White "Mamedyarov, Shakhriyar"]
[Black "So, Wesley"]
[Result "0-1"]
[WhiteTitle "GM"]
[BlackTitle "GM"]
[WhiteElo "2762"]
[BlackElo "2778"]
[WhiteFideId "13401319"]
[BlackFideId "5202213"]
[EventDate "2021.09.25"]

1. d4 Nf6 2. c4 e6 3. Nf3 d5 4. Nc3 c5 5. cxd5 cxd4 6. Qxd4 exd5 7. Bg5 Be7 8.
e3 O-O 9. Be2 Nc6 10. Qd3 h6 11. Bh4 Qb6 12. O-O Rd8 13. Rfd1 Qxb2 14. Rab1 Qa3
15. Bxf6 Bxf6 16. Nxd5 Qxa2 17. Nxf6+ gxf6 18. Nd4 Be6 19. Rxb7 Rd6 20. Rd2 Qa1+
21. Rb1 Qa5 22. Rdd1 Nxd4 23. exd4 Rad8 24. h4 Qf5 25. Qg3+ Qg6 26. Qf4 Qf5 27.
Qxh6 Rxd4 28. Rbc1 Qe5 29. Rxd4 Rxd4 30. Bh5 Rd8 31. Bf3 a5 32. Qe3 a4 33. Qa7
Qd4 34. Qe7 Rb8 35. Rd1 Qxh4 36. Qa7 Rb2 37. Qc5 Qb4 38. Qxb4 Rxb4 39. Bd5 Bf5
40. Rc1 Rb1 0-1

[Event "Meltwater Tour Final 2021"]
[Site "chess24.com INT"]
[Date "2021.09.25"]
[Round "1.2"]
[White "Vachier-Lagrave, Maxime"]
[Black "Aronian, Levon"]
[Result "1/2-1/2"]
[WhiteTitle "GM"]
[BlackTitle "GM"]
[WhiteElo "2763"]
[BlackElo "2782"]
[WhiteFideId "623539"]
[BlackFideId "13300474"]
[EventDate "2021.09.25"]

1. e4 e5 2. Nf3 Nc6 3. Bb5 a6 4. Ba4 Nf6 5. O-O b5 6. Bb3 Bc5 7. c3 d6 8. d4 Bb6
9. Be3 O-O 10. Nbd2 Re8 11. a4 Rb8 12. axb5 axb5 13. Qe2 Bd7 14. dxe5 Nxe5 15.
Nxe5 dxe5 16. Bxb6 Rxb6 17. Qe3 h6 18. Rfd1 Rd6 19. Nf3 Be6 20. Rxd6 cxd6 21.
Bc2 Qb8 22. Ra6 Nd7 23. Qd2 Nb6 24. Bd3 d5 25. Bxb5 Rd8 26. Qe3 Nc4 27. Bxc4
dxc4 28. h3 Qxb2 29. Kh2 Rd3 30. Qc5 Qxc3 31. Nxe5 Rd8 32. Nc6 Re8 33. Nd4 Rc8
34. Qd6 Qd2 35. Nxe6 Qxd6+ 36. Rxd6 fxe6 37. Rd2 c3 38. Rc2 Rc4 39. f3 Kf7 40.
Kg3 Ke7 41. Kf4 Kd6 42. Ke3 Kc5 43. Kd3 Kb4 44. Rc1 g5 45. Rb1+ Kc5 46. Rb8 Kd6
47. Rb1 Kc5 48. Rc1 Kb4 49. g3 Rc7 50. Rb1+ Ka5 51. f4 c2 52. Rc1 gxf4 53. gxf4
Kb4 54. Rxc2 Rxc2 55. Kxc2 Kc4 56. f5 exf5 57. exf5 Kd5 58. Kd3 Ke5 59. Ke3 Kxf5
60. Kf3 h5 61. h4 Ke5 62. Ke3 Kf5 63. Kf3 Ke5 64. Ke3 Kf5 65. Kf3 1/2-1/2

[Event "Meltwater Tour Final 2021"]
[Site "chess24.com INT"]
[Date "2021.09.25"]
[Round "1.3"]
[White "Carlsen, Magnus"]
[Black "Duda, Jan-Krzysztof"]
[Result "1/2-1/2"]
[WhiteTitle "GM"]
[BlackTitle "GM"]
[WhiteElo "2855"]
[BlackElo "2756"]
[WhiteFideId "1503014"]
[BlackFideId "1170546"]
[EventDate "2021.09.25"]

1. e4 c5 2. Nf3 d6 3. Bb5+ Nd7 4. a4 Nf6 5. Nc3 a6 6. Be2 b6 7. d4 cxd4 8. Qxd4
Bb7 9. O-O e6 10. Rd1 Qc7 11. Be3 Be7 12. Nd2 d5 13. exd5 Nxd5 14. Nxd5 Bxd5 15.
Bf3 Bf6 16. Qb4 Be7 17. Qd4 Bf6 18. Qb4 Be7 19. Qd4 1/2-1/2

[Event "Meltwater Tour Final 2021"]
[Site "chess24.com INT"]
[Date "2021.09.25"]
[Round "1.3"]
[White "Radjabov, Teimour"]
[Black "Artemiev, Vladislav"]
[Result "1/2-1/2"]
[WhiteTitle "GM"]
[BlackTitle "GM"]
[WhiteElo "2763"]
[BlackElo "2699"]
[WhiteFideId "13400924"]
[BlackFideId "24101605"]
[EventDate "2021.09.25"]

1. Nf3 d5 2. d4 Nf6 3. c4 e6 4. Nc3 Nbd7 5. cxd5 exd5 6. Bf4 c6 7. e3 Nh5 8. Bg5
Be7 9. Bxe7 Qxe7 10. Be2 g6 11. a3 Nb6 12. b4 a6 13. Ne5 Nf6 14. O-O Bf5 15. Qb3
O-O 16. a4 Ne4 17. Nxe4 Bxe4 18. Rfc1 Kg7 19. Qc3 Nd7 20. Nxd7 Qxd7 21. Qc5 Rfc8
22. Qb6 Qc7 23. Qxc7 Rxc7 24. Rc3 g5 25. Rac1 Re7 26. Rc5 Bf5 27. b5 axb5 28.
axb5 Ra2 29. Kf1 Bd7 30. R5c2 Ra3 31. Rb2 f5 32. bxc6 bxc6 33. Rcb1 f4 34. Rb3
Ra2 35. Rc1 Kf6 36. h3 fxe3 37. fxe3 Kg6 38. Bg4 Rf7+ 39. Kg1 Bxg4 40. hxg4 Ra6
41. Rb8 h6 42. Rg8+ Kh7 43. Re8 Kg7 44. Rb1 Raa7 45. Rbb8 Rae7 46. Rg8+ Kh7 47.
Rh8+ Kg6 48. Rbc8 Re6 49. Rhg8+ Rg7 50. Kf2 Rxg8 51. Rxg8+ Kf7 52. Rc8 Ke7 53.
Kf3 Kd7 54. Rh8 Kd6 55. Rh7 c5 56. dxc5+ Kxc5 57. Rc7+ Kd6 58. Rf7 Kc5 59. Rc7+
Kd6 60. Rf7 Kc5 61. Rc7+ 1/2-1/2

[Event "Meltwater Tour Final 2021"]
[Site "chess24.com INT"]
[Date "2021.09.25"]
[Round "1.3"]
[White "So, Wesley"]
[Black "Mamedyarov, Shakhriyar"]
[Result "1/2-1/2"]
[WhiteTitle "GM"]
[BlackTitle "GM"]
[WhiteElo "2778"]
[BlackElo "2762"]
[WhiteFideId "5202213"]
[BlackFideId "13401319"]
[EventDate "2021.09.25"]

1. e4 c5 2. Nf3 e6 3. d4 cxd4 4. Nxd4 Nf6 5. Nc3 Nc6 6. Ndb5 d6 7. Bf4 e5 8. Bg5
a6 9. Na3 b5 10. Nd5 Be7 11. Bxf6 Bxf6 12. c3 Rb8 13. Nc2 Bg5 14. a3 O-O 15. h4
Bh6 16. g4 Bf4 17. Qf3 Be6 18. Nxf4 Qf6 19. g5 Qxf4 20. Qxf4 exf4 21. Nb4 Nxb4
22. axb4 d5 23. Bg2 dxe4 24. Bxe4 Rb6 25. O-O-O g6 26. Rd4 f6 27. Rhd1 fxg5 28.
hxg5 Bb3 29. Rd6 Rxd6 30. Rxd6 Re8 31. f3 Re5 32. Rd8+ Kg7 33. Rd7+ Bf7 34. b3
Kf8 35. c4 bxc4 36. bxc4 Bxc4 37. Rxh7 Rxg5 38. Kd2 Rg3 39. Rc7 Bb5 40. Bd5 g5
41. Rf7+ Ke8 42. Rg7 Bf1 43. Kc3 Bg2 44. Kd4 Bxf3 45. Bxf3 Rxf3 46. Rxg5 Rb3 47.
Kc4 Ra3 48. Rf5 f3 49. Kd5 Ke7 50. Ke4 Ke6 51. Rxf3 Rxf3 52. Kxf3 Kd5 53. Ke3
Kc4 54. Kd2 a5 55. bxa5 Kb5 56. Kc3 Kxa5 1/2-1/2

[Event "Meltwater Tour Final 2021"]
[Site "chess24.com INT"]
[Date "2021.09.25"]
[Round "1.3"]
[White "Aronian, Levon"]
[Black "Vachier-Lagrave, Maxime"]
[Result "1/2-1/2"]
[WhiteTitle "GM"]
[BlackTitle "GM"]
[WhiteElo "2782"]
[BlackElo "2763"]
[WhiteFideId "13300474"]
[BlackFideId "623539"]
[EventDate "2021.09.25"]

1. d4 Nf6 2. c4 g6 3. g3 c6 4. Bg2 d5 5. cxd5 cxd5 6. Nc3 Bg7 7. Nf3 Ne4 8. Nd2
Nf6 9. Nf3 Ne4 10. Nd2 Nf6 11. Nf3 1/2-1/2

[Event "Meltwater Tour Final 2021"]
[Site "chess24.com INT"]
[Date "2021.09.25"]
[Round "1.4"]
[White "Mamedyarov, Shakhriyar"]
[Black "So, Wesley"]
[Result "0-1"]
[WhiteTitle "GM"]
[BlackTitle "GM"]
[WhiteElo "2762"]
[BlackElo "2778"]
[WhiteFideId "13401319"]
[BlackFideId "5202213"]
[EventDate "2021.09.25"]

1. Nf3 d5 2. e3 Nf6 3. b3 e6 4. Bb2 Be7 5. g4 O-O 6. g5 Ne4 7. h4 c5 8. d3 Nd6
9. Nbd2 Nc6 10. c4 d4 11. exd4 cxd4 12. Qe2 b5 13. Bg2 Bb7 14. g6 hxg6 15. h5 g5
16. h6 g6 17. Kf1 Kh7 18. Re1 bxc4 19. bxc4 Rb8 20. Ba1 Nf5 21. Ne4 g4 22. Nfd2
Nh4 23. Rxh4 Bxh4 24. Nc5 Ba8 25. Qxg4 Qg5 26. Qxg5 Bxg5 27. Nf3 Bxh6 28. Nd7
Bg7 29. Nxf8+ Rxf8 30. Rb1 Bf6 31. Nd2 Kg7 32. Ne4 Be7 33. Rb5 e5 34. Nd2 f6 35.
Ke2 Rc8 36. Bd5 Nd8 37. Bxa8 Rxa8 38. f4 exf4 39. Bxd4 Kf7 40. Bc3 g5 41. d4 g4
42. d5 Rc8 43. Bd4 f3+ 44. Kd3 f5 45. c5 a6 46. Rb1 Bxc5 47. Rc1 Nb7 48. Nb3
Bxd4 49. Rxc8 Be5 50. Nd2 Nd6 51. Rc6 a5 52. a4 Bf4 53. Nb3 g3 54. Nd4 f2 55.
Ke2 Ne4 56. d6 g2 0-1

[Event "Meltwater Tour Final 2021"]
[Site "chess24.com INT"]
[Date "2021.09.25"]
[Round "1.4"]
[White "Vachier-Lagrave, Maxime"]
[Black "Aronian, Levon"]
[Result "1-0"]
[WhiteTitle "GM"]
[BlackTitle "GM"]
[WhiteElo "2763"]
[BlackElo "2782"]
[WhiteFideId "623539"]
[BlackFideId "13300474"]
[EventDate "2021.09.25"]

1. e4 e5 2. Nf3 Nc6 3. Bb5 a6 4. Ba4 Nf6 5. O-O b5 6. Bb3 Bc5 7. c3 d6 8. d4 Bb6
9. Be3 O-O 10. Nbd2 Re8 11. a4 Rb8 12. axb5 axb5 13. Qe2 Bd7 14. Ng5 Rf8 15.
dxe5 dxe5 16. Rfd1 Qe7 17. Nf1 b4 18. Ba4 bxc3 19. bxc3 Bg4 20. Nf3 Na5 21. Bxb6
Rxb6 22. Ne3 Bxf3 23. Qxf3 Nb7 24. Bc2 g6 25. h4 Rd6 26. Rdb1 Nc5 27. Ra5 Rb6
28. Rd1 Ra6 29. Rxa6 Nxa6 30. Qe2 Nc5 31. Qc4 c6 32. g3 Rb8 33. Ra1 h5 34. Kg2
Kg7 35. Ra5 Nfd7 36. Qa2 Nf6 37. Qa3 Rb5 38. Ra7 Qd6 39. Nc4 Qe6 40. Nd2 Qd6 41.
Nf3 Ncxe4 42. Qa2 Qf8 43. Bxe4 Nxe4 44. Qc4 Nd6 45. Qxc6 Qb8 46. Rd7 e4 47. Ng5
e3 48. Rxd6 Rxg5 49. hxg5 e2 50. Rxg6+ fxg6 51. Qf6+ Kh7 52. Qe7+ Kg8 53. Qxe2
Qb7+ 54. Qf3 Qb5 55. Qf6 Qd5+ 56. Kh2 Kh7 57. Qe7+ Kg8 58. Qe3 Qb5 59. Qe6+ 1-0

[Event "Meltwater Tour Final 2021"]
[Site "chess24.com INT"]
[Date "2021.09.25"]
[Round "1.4"]
[White "Artemiev, Vladislav"]
[Black "Radjabov, Teimour"]
[Result "1/2-1/2"]
[WhiteTitle "GM"]
[BlackTitle "GM"]
[WhiteElo "2699"]
[BlackElo "2763"]
[WhiteFideId "24101605"]
[BlackFideId "13400924"]
[EventDate "2021.09.25"]

1. Nf3 Nf6 2. g3 g6 3. b3 Bg7 4. Bb2 d6 5. Bg2 e5 6. c4 c5 7. Nc3 Nc6 8. O-O O-O
9. d3 h6 10. Nd2 Bg4 11. Nde4 Qd7 12. Qd2 Ne8 13. Nd5 Be6 14. e3 f5 15. Nec3 Kh7
16. a3 Rc8 17. b4 b6 18. b5 Ne7 19. Nxe7 Qxe7 20. a4 Nf6 21. a5 Rfd8 22. axb6
axb6 23. Ra6 d5 24. Na4 dxc4 25. Nxb6 Rb8 26. Bxe5 Ne4 27. Bxe4 Bxe5 28. Bc6
cxd3 29. Rc1 Bg7 30. Nc4 Qf7 31. Ra4 h5 32. h4 Kg8 33. Na5 Qe7 34. Nc4 Qf7 35.
Na5 Qe7 36. Nc4 Qf7 1/2-1/2

[Event "Meltwater Tour Final 2021"]
[Site "chess24.com INT"]
[Date "2021.09.25"]
[Round "1.5"]
[White "Aronian, Levon"]
[Black "Vachier-Lagrave, Maxime"]
[Result "0-1"]
[WhiteTitle "GM"]
[BlackTitle "GM"]
[WhiteElo "2782"]
[BlackElo "2763"]
[WhiteFideId "13300474"]
[BlackFideId "623539"]
[EventDate "2021.09.25"]

1. d4 Nf6 2. c4 g6 3. Nc3 d5 4. cxd5 Nxd5 5. e4 Nxc3 6. bxc3 Bg7 7. Qa4+ Nd7 8.
Nf3 O-O 9. Be2 c5 10. Qa3 cxd4 11. cxd4 Nf6 12. Qe3 Bd7 13. O-O Bc6 14. Bd3 Ng4
15. Qe2 Bxd4 16. Nxd4 Qxd4 17. Bb2 Qd6 18. e5 Qd5 19. f3 Rad8 20. Rad1 Bb5 21.
Bxb5 Qc5+ 22. Kh1 Rxd1 23. fxg4 Rxf1+ 24. Qxf1 Qb4 25. Ba1 Rc8 26. e6 f6 27. Bd7
Rc2 28. Bxf6 exf6 29. h3 Rb2 30. Kh2 Qd6+ 31. Kg1 Qd4+ 32. Kh2 Qe5+ 33. Kg1 Kg7
34. g5 Qxg5 35. Qf3 Rb1+ 36. Kf2 Qc5+ 37. Kg3 Qe5+ 38. Kf2 Qe1# 0-1

[Event "Meltwater Tour Final 2021"]
[Site "chess24.com INT"]
[Date "2021.09.25"]
[Round "1.5"]
[White "Artemiev, Vladislav"]
[Black "Radjabov, Teimour"]
[Result "1-0"]
[WhiteTitle "GM"]
[BlackTitle "GM"]
[WhiteElo "2699"]
[BlackElo "2763"]
[WhiteFideId "24101605"]
[BlackFideId "13400924"]
[EventDate "2021.09.25"]

1. Nf3 Nf6 2. g3 g6 3. Bg2 Bg7 4. d4 d5 5. O-O c6 6. b3 O-O 7. c4 a5 8. Nbd2 a4
9. Ba3 Re8 10. e3 Bf5 11. Re1 Nbd7 12. h3 h5 13. Nh4 Be6 14. Qc2 axb3 15. axb3
Qb6 16. Bb2 Nf8 17. Bc3 Qc7 18. e4 dxe4 19. Nxe4 Nxe4 20. Qxe4 Rxa1 21. Bxa1 Qa5
22. Qe3 Bc8 23. Nf3 Bf5 24. Ne5 Nd7 25. d5 cxd5 26. Bxd5 Nxe5 27. Bxe5 Bxe5 28.
Qxe5 Qb4 29. Kg2 Qxb3 30. g4 Bc8 31. Re3 Qd1 32. Rf3 e6 33. gxh5 gxh5 34. Qg5+
Kf8 35. Qf6 1-0

[Event "Meltwater Tour Final 2021"]
[Site "chess24.com INT"]
[Date "2021.09.25"]
[Round "1.6"]
[White "Radjabov, Teimour"]
[Black "Artemiev, Vladislav"]
[Result "1/2-1/2"]
[WhiteTitle "GM"]
[BlackTitle "GM"]
[WhiteElo "2763"]
[BlackElo "2699"]
[WhiteFideId "13400924"]
[BlackFideId "24101605"]
[EventDate "2021.09.25"]

1. Nf3 d5 2. d4 Nf6 3. c4 e6 4. Nc3 Nbd7 5. Bg5 h6 6. Bh4 Be7 7. e3 O-O 8. Rc1
c6 9. Be2 dxc4 10. Bxc4 b5 11. Bd3 Bb7 12. a3 a5 13. O-O Rc8 14. Qe2 b4 15. axb4
axb4 16. Na4 c5 17. dxc5 Bxf3 18. gxf3 Nxc5 19. Nxc5 Rxc5 20. Rxc5 Bxc5 21. Rd1
Qe7 22. Qc2 Bd6 23. Kh1 g5 24. Rg1 Kh8 25. Bg3 Rd8 26. Be2 Bxg3 27. hxg3 Kg7 28.
Kg2 Qd6 29. Rd1 Qb6 30. Rc1 Qb8 31. Kg1 Qe5 32. Bf1 Qd5 33. f4 gxf4 34. exf4 Qd2
35. b3 Ne4 36. Qxd2 Rxd2 37. Rc4 Nxf2 38. Rxb4 Rb2 39. Bc4 Ne4 40. g4 Nd2 41.
Rb5 Nf3+ 42. Kf1 Nh2+ 43. Ke1 Nxg4 44. f5 Ne3 45. fxe6 fxe6 46. Bxe6 Kf6 47. Bg8
Nc2+ 48. Kd1 Nd4 49. Rb6+ Kg5 50. Bf7 h5 51. Rd6 Nf5 52. Rd5 Kf6 53. Kc1 Rxb3
54. Bxh5 Rc3+ 55. Kd2 Rc6 56. Be2 Rd6 57. Rxd6+ Nxd6 58. Bd3 Ke5 59. Ke3 Nf5+
60. Bxf5 1/2-1/2

[Event "Meltwater Tour Final 2021"]
[Site "chess24.com INT"]
[Date "2021.09.25"]
[Round "1.6"]
[White "Vachier-Lagrave, Maxime"]
[Black "Aronian, Levon"]
[Result "0-1"]
[WhiteTitle "GM"]
[BlackTitle "GM"]
[WhiteElo "2763"]
[BlackElo "2782"]
[WhiteFideId "623539"]
[BlackFideId "13300474"]
[EventDate "2021.09.25"]

1. e4 c5 2. Nf3 d6 3. d4 cxd4 4. Nxd4 Nf6 5. Nc3 a6 6. Bg5 e6 7. f4 Qc7 8. Bxf6
gxf6 9. Qf3 b5 10. Bd3 Bb7 11. O-O-O Nd7 12. Rhe1 Nb6 13. Nd5 exd5 14. exd5+ Kd8
15. Nc6+ Bxc6 16. dxc6 Rc8 17. Be4 f5 18. Qc3 fxe4 19. Qxh8 Nd7 20. Qxh7 Qxc6
21. Qxe4 Qxe4 22. Rxe4 Nf6 23. Re2 Kd7 24. g3 d5 25. a3 Bd6 26. c3 Rh8 27. Kc2
Kc6 28. Kb3 Ne4 29. Kc2 f5 30. Kb3 a5 31. Kc2 Bc5 32. Rf1 b4 33. axb4 axb4 34.
Ra1 Bf2 35. cxb4 Rxh2 36. Ra6+ Kb5 37. Re6 Kxb4 38. Re5 Nxg3 39. Rd2 Ne4 40.
Rdxd5 Bd4+ 41. Kb1 Bxb2 42. Rb5+ Kc3 43. Rec5+ Kd3 44. Rb3+ Nc3+ 45. Rbxc3+ Bxc3
46. Rxf5 Rh1+ 47. Ka2 Kc2 0-1

[Event "Meltwater Tour Final 2021"]
[Site "chess24.com INT"]
[Date "2021.09.25"]
[Round "1.7"]
[White "Aronian, Levon"]
[Black "Vachier-Lagrave, Maxime"]
[Result "0-1"]
[WhiteTitle "GM"]
[BlackTitle "GM"]
[WhiteElo "2782"]
[BlackElo "2763"]
[WhiteFideId "13300474"]
[BlackFideId "623539"]
[EventDate "2021.09.25"]

1. e4 e5 2. Nf3 Nf6 3. Nxe5 d6 4. Nf3 Nxe4 5. d4 d5 6. Bd3 Bd6 7. O-O O-O 8. c4
c6 9. Qc2 h6 10. Re1 Nd7 11. Bxe4 dxe4 12. Qxe4 Nf6 13. Qd3 Bg4 14. Nc3 Qd7 15.
Ne5 Bxe5 16. Rxe5 Rad8 17. Be3 Qc7 18. Qf1 Nd7 19. Re4 Bf5 20. Rh4 Nf6 21. Rf4
Qd7 22. h3 Rfe8 23. Rd1 Ne4 24. d5 Nxc3 25. bxc3 Be4 26. d6 f5 27. Bxa7 g5 28.
Rxe4 Rxe4 29. f3 Re6 30. c5 Ra8 31. Bb6 Rxa2 32. Qc4 Re2 33. Kh2 Kh7 34. Ra1 Re8
35. Ra7 Rd2 36. Ra2 Rxa2 37. Qxa2 f4 38. Qd2 Kg7 39. Qd4+ Kf7 40. c4 Ra8 41. h4
Kg6 42. Qe4+ Kf6 43. Qe1 g4 44. fxg4 Qxg4 45. Qe7+ Kg6 46. Qe4+ Kf6 47. Qd4+ Kf7
48. Qf2 Qg3+ 49. Qxg3 fxg3+ 50. Kxg3 Ke6 51. Kg4 Rg8+ 52. Kh5 Rxg2 53. Kxh6 Rg4
54. h5 Kd7 55. Kh7 Ke6 56. h6 Kd7 57. Kh8 Rg6 58. h7 Rg4 59. Ba5 Rxc4 60. Kg7
Rg4+ 61. Kh6 Rh4+ 62. Kg6 Rh3 63. Bc3 Rg3+ 64. Kf5 Rxc3 65. h8=Q Rxc5+ 66. Ke4
Rd5 67. Qg7+ Kxd6 68. Qxb7 Re5+ 69. Kd4 Rd5+ 70. Ke4 Rb5 71. Kf4 Rd5 72. Qb8+
Kc5 73. Ke4 Rd4+ 74. Ke3 Rd5 75. Qf8+ Kb6 76. Ke4 Kc7 77. Qe7+ Kb6 78. Qe8 Kb7
79. Qf7+ Kb6 80. Qg7 Rb5 81. Qb2 Rxb2 0-1

[Event "Meltwater Tour Final 2021"]
[Site "chess24.com INT"]
[Date "2021.09.26"]
[Round "2.1"]
[White "Artemiev, Vladislav"]
[Black "Aronian, Levon"]
[Result "0-1"]
[WhiteTitle "GM"]
[BlackTitle "GM"]
[WhiteElo "2699"]
[BlackElo "2782"]
[WhiteFideId "24101605"]
[BlackFideId "13300474"]
[EventDate "2021.09.25"]

1. d4 Nf6 2. c4 e6 3. Nf3 d5 4. Nc3 Bb4 5. e3 O-O 6. Bd2 b6 7. Rc1 Bb7 8. cxd5
exd5 9. Bd3 Be7 10. O-O c5 11. Ne5 Nc6 12. Ne2 Rc8 13. Nxc6 Rxc6 14. dxc5 bxc5
15. Bc3 Qb8 16. Qa4 d4 17. exd4 Ng4 18. Ng3 Rh6 19. Qd7 Rxh2 20. d5 Qf4 21. Qf5
Bd6 22. Qxf4 Bxf4 23. Rce1 Bxd5 24. Be4 Be6 25. Bf5 Rh4 26. Re4 Nh2 27. Rfe1
Bxg3 28. fxg3 Rxe4 29. Bxe4 Ng4 30. Bf3 Nf6 31. Rd1 Bxa2 32. Ra1 Be6 33. Rxa7
Nd5 34. Be5 Rd8 35. Ra5 f6 36. Bxd5 Rxd5 37. Bc3 Rd1+ 38. Kf2 c4 39. Bb4 Rc1 40.
Ra8+ Kf7 41. Ra7+ Kg6 42. Bf8 Rc2+ 43. Kg1 Rxb2 44. Rxg7+ Kf5 45. Rxh7 Bd5 46.
Rh5+ Ke6 47. Rh7 Rxg2+ 48. Kf1 Rxg3 49. Rc7 Rb3 50. Ke2 f5 51. Bh6 Be4 52. Bd2
Rh3 53. Kf2 Kd5 54. Rd7+ Kc5 55. Rc7+ Kd4 56. Bg5 Rh2+ 57. Ke1 Bd3 58. Rd7+ Kc3
59. Ra7 Kb3 60. Bf6 c3 61. Re7 Rh1+ 62. Kf2 c2 63. Rb7+ Ka4 64. Bg5 c1=Q 65.
Bxc1 Rxc1 66. Ke3 Be4 67. Rb8 Rc4 68. Rb6 Rb4 69. Rf6 Kb3 70. Rf8 Kc2 71. Rd8
Rb3+ 72. Kf4 Rf3+ 73. Ke5 Rd3 74. Rh8 Kd2 75. Rh2+ Ke1 76. Rb2 Rf3 77. Rh2 Kf1
78. Rb2 Rf2 79. Rb3 Kg2 80. Rc3 Bc2 81. Rc8 f4 82. Rg8+ Kf3 83. Rf8 Ke3 0-1

[Event "Meltwater Tour Final 2021"]
[Site "chess24.com INT"]
[Date "2021.09.26"]
[Round "2.1"]
[White "Giri, Anish"]
[Black "Duda, Jan-Krzysztof"]
[Result "0-1"]
[WhiteTitle "GM"]
[BlackTitle "GM"]
[WhiteElo "2777"]
[BlackElo "2756"]
[WhiteFideId "24116068"]
[BlackFideId "1170546"]
[EventDate "2021.09.25"]

1. e4 c5 2. Nf3 d6 3. d4 cxd4 4. Nxd4 Nf6 5. Nc3 a6 6. Rg1 e5 7. Nb3 h5 8. Bg5
Be6 9. Qd2 Nbd7 10. Bd3 Be7 11. O-O-O b5 12. f4 Qc7 13. Kb1 Rb8 14. h3 h4 15.
Qe1 b4 16. Nd5 Nxd5 17. exd5 Bxd5 18. Bxe7 Kxe7 19. g3 g6 20. gxh4 Be6 21. Rg5
a5 22. f5 gxf5 23. Bxf5 Rh6 24. Bxe6 Rxe6 25. Rf5 a4 26. Nc1 Rf6 27. Qe4 a3 28.
Rdf1 Qb7 29. Qg4 Rxf5 30. Qxf5 Qd5 31. Nd3 axb2 32. Qg5+ f6 33. Nf4 Qc4 34. Qg7+
Kd8 35. Nd3 b3 36. axb3 Rxb3 37. Rg1 Rb5 38. Qg8+ Qxg8 39. Rxg8+ Kc7 40. Rg7 Kc6
41. c3 d5 42. Nb4+ Kd6 43. Kxb2 Rb8 44. h5 Rh8 45. Nxd5 Kxd5 46. Rxd7+ Ke6 47.
Rd3 e4 48. Rd4 Ke5 49. Rd7 Rxh5 50. c4 Kf4 51. Kc2 Rxh3 52. Rd5 Rh2+ 53. Kc3 Rh1
54. c5 e3 55. Rd4+ Kf3 56. Rd3 Kf2 57. Rd6 f5 58. Rf6 Rh5 59. Re6 f4 60. c6 Rc5+
61. Kd3 Kf3 62. Kd4 Rc1 63. Kd3 Kf2 64. Rh6 e2 65. Rh2+ Kg3 66. Rxe2 Rxc6 67.
Re8 f3 68. Ke3 Rc3+ 69. Kd2 Ra3 70. Rg8+ Kf2 71. Rg7 Kf1 72. Rg8 f2 73. Rg5 Ra8
74. Rf5 Rd8+ 75. Ke3 Ke1 0-1